LEADER 00864nam0-22003011i-450- 001 990005640370403321 005 20080507120938.0 010 $a2-87009-076-5 035 $a000564037 035 $aFED01000564037 035 $a(Aleph)000564037FED01 035 $a000564037 100 $a19990604d1977----km-y0itay50------ba 101 0 $afre 105 $ayf------00--- 200 1 $aEntretiens sul l'architecture$fpar M. Viollet Le-Duc 210 $aParis$cPierre Mardaga$d1977 215 $a2 v. in 1$d22 cm 610 0 $aArchitettura$aFrancia 676 $a720.944 700 1$aViollet-le-Duc,$bEugène Emmanuel$f<1814-1879>$0333236 801 0$aIT$bUNINA$gRICA$2UNIMARC 901 $aBK 912 $a990005640370403321 952 $a720.944 LED 1$bST.ARTE 13454$fFLFBC 959 $aFLFBC 996 $aEntretiens sul l'architecture$9605030 997 $aUNINA LEADER 01509nam0 22003131i 450 001 UON00118511 005 20231205102707.115 100 $a20020107d1979 |0itac50 ba 101 $aspa 102 $aIR 105 $a|||| 1|||| 200 1 $aˆEl ‰ser humano en el Coran por el martir Morteza Mutahari$fMurtada Mutahari 210 $a[s.l.]$cEl Ministero de la orientacion islamica del Iran$d1979 215 $a58 p.$d21 cm 606 $aIRAN$xFILOSOFIA E RELIGIONE$xTAFSIR$3UONC030401$2FI 686 $aIRA VII$cIRAN - FILOSOFIA E RELIGIONE$2A 700 1$aMOTAHARI$bMorteza$cAyatollah$3UONV011065$0639566 712 $aMinistero de la orientacion islamica del Iran$3UONV261936$4650 790 1$aMUTAHHARI, Sahid Ayatullah Murtada$zMOTAHARI, Morteza $3UONV009134 790 1$aˆal-‰MUTAHHARI, Murtada Ayatollah$zMOTAHARI, Morteza $3UONV038484 790 1$aˆal-‰MOTAHHERI, Morteza$zMOTAHARI, Morteza $3UONV073097 790 1$aMOTAHHARI, Mortedha$zMOTAHARI, Morteza $3UONV099390 790 1$aMOTAHHARI, Mortaza$zMOTAHARI, Morteza $3UONV174834 801 $aIT$bSOL$c20240220$gRICA 899 $aSIBA - SISTEMA BIBLIOTECARIO DI ATENEO$2UONSI 912 $aUON00118511 950 $aSIBA - SISTEMA BIBLIOTECARIO DI ATENEO$dSI MISC IRA VII 001 $eSI SA 30287 5 001 996 $aSer humano en el Coran por el martir Morteza Mutahari$91316937 997 $aUNIOR LEADER 01251nam0 2200277 450 001 000037758 005 20250408160557.0 010 $a88-13-19807-8 100 $a20250408d1996----km-y0itay50------ba 101 0 $aita 102 $aIT 105 $ay-------001yy 200 1 $aAttività ed attori economici nello scenario post-pacioliano$eraccolta di significative opere di ragioneria pubblicate in Europa fino alla metà del secolo 19.$fGiuseppe Catturi 210 $aPadova$cCedam$d1996 215 $aXXIV, 189 p.$cill.$d24 cm 225 2 $aStudi di ragioneria e di economia aziendale. Ser. Storia delle istituzioni e del pensiero ragioneristico$v3 410 0$12001$aStudi di ragioneria e di economia aziendale. Ser. Storia delle istituzioni e del pensiero ragioneristico 500 10$aAttività ed attori economici nello scenario post-pacioliano$9888635 610 1 $aRagioneria$aStudi$aStoria 676 $a657.09$v23$9CONTABILITA'. Trattamento storico e geografico 700 1$aCatturi,$bGiuseppe$0113591 801 0$aIT$bUNIPARTHENOPE$c20250408$gREICAT$2UNIMARC 912 $a000037758 951 $aDISAE 512/241$b3225 ex St.Az.$cNAVA2 996 $aAttività ed attori economici nello scenario post-pacioliano$9888635 997 $aUNIPARTHENOPE